Countries with More Sheep than People - Statistics

General Stats
  • This quiz has been taken 24,316 times
    4,016 since last reset
  • The average score is 7 of 10
Answer Stats
Sheep per Capita Total Sheep Region Answer % Correct
4.53 23.6 mil Oceania New Zealand
99%
2.98 79.3 mil Oceania Australia
97%
7.09 24.5 mil Asia Mongolia
87%
1.67 5.65 mil South America Uruguay
83%
2.27 45.2 mil Africa Chad
73%
1.01 24.5 mil Africa Mali
69%
2.20 11.2 mil Africa Mauritania
58%
1.02 7.49 mil Africa Libya
56%
1.21 14.4 mil Africa South Sudan
56%
1.92 14.3 mil Asia Turkmenistan
43%
No matching quizzes found
Score Distribution
Percent of People with Each Score
Percentile by Number Answered
Your Score History
You have not taken this quiz since the last reset